000 00606nam a2200217Ia 4500
003 GCL
008 140319s9999 xx 000 0 eng d
020 _a1857151305
040 _aGCL /
_cGCL
082 0 4 _a843
_bV C
100 1 _aVOLTAIRE
245 1 0 _aCANDIDE AND OTHER STORIES /
_cVOLTAIRE
700 1 _aPEARSON, ROGER
260 _aانجلترا :
_bEVERYMAN'S LIBRARY ،
_c1990
300 _a21 CM ؛
_cLIVIII, 307 P
490 _aTHE MILLENNIUM LIBRARY
_v130
650 0 4 _aLITERATURE
650 0 4 _aFRENCH FICTION
650 0 4 _aFRENCH LITERATURE - TRANSLATIONS INTO ENGLISH
942 _2ddc
_cBK
999 _c6334
_d6334